The concept of man in early China
Sparad:
| Huvudupphovsman: | |
|---|---|
| Materialtyp: | Bok |
| Språk: | Undetermined |
| Publicerad: |
Stanford, California
Stanford University Press
1969
|
| Ämnen: | |
| Taggar: |
Lägg till en tagg
Inga taggar, Lägg till första taggen!
|
| Thư viện lưu trữ: | Trung tâm Học liệu Trường Đại học Cần Thơ |
|---|
| LEADER | 00515nam a2200181Ia 4500 | ||
|---|---|---|---|
| 001 | CTU_90475 | ||
| 008 | 210402s9999 xx 000 0 und d | ||
| 082 | |a 128.3 | ||
| 082 | |b M968 | ||
| 100 | |a Donald J. Munro | ||
| 245 | 4 | |a The concept of man in early China | |
| 245 | 0 | |c Donald J. Munro | |
| 260 | |a Stanford, California | ||
| 260 | |b Stanford University Press | ||
| 260 | |c 1969 | ||
| 650 | |a human beings,philosophy, chinese | ||
| 904 | |i Nguyên | ||
| 980 | |a Trung tâm Học liệu Trường Đại học Cần Thơ | ||